Xylidine (C, C-dimethylaniline): its toxicity and potential dangers as compared with those of aniline (Record no. 38293)

MARC details
000 -LEADER
fixed length control field 00974cam a22002411 4500
001 - CONTROL NUMBER
control field med47001293
003 - CONTROL NUMBER IDENTIFIER
control field DLC
005 - DATE AND TIME OF LATEST TRANSACTION
control field 20260227111602.0
008 - FIXED-LENGTH DATA ELEMENTS--GENERAL INFORMATION
fixed length control field 820221s1947 xx 000 0 eng
010 ## - LIBRARY OF CONGRESS CONTROL NUMBER
LC control number med47001293
035 ## - SYSTEM CONTROL NUMBER
System control number (OCoLC)14681606
040 ## - CATALOGING SOURCE
Original cataloging agency DLC
Transcribing agency DNLM
Modifying agency OCoLC
-- DLC
042 ## - AUTHENTICATION CODE
Authentication code premarc
050 00 - LIBRARY OF CONGRESS CALL NUMBER
Classification number RA421
Item number .U4 no. 188
060 00 - NATIONAL LIBRARY OF MEDICINE CALL NUMBER
Classification number W1
Item number UN659 no.188 1947
100 1# - MAIN ENTRY--PERSONAL NAME
Personal name Von Oettingen, W. F.
Fuller form of name (Wolfgang Felix),
Dates associated with a name 1888-
245 10 - TITLE STATEMENT
Title Xylidine (C, C-dimethylaniline): its toxicity and potential dangers as compared with those of aniline
Remainder of title and an appraisal of the potential hazards from its use in blending gasoline,
Statement of responsibility, etc. by W. F. Von Oettingen [and others]
260 ## - PUBLICATION, DISTRIBUTION, ETC.
Place of publication, distribution, etc. Washington,
Name of publisher, distributor, etc. U.S. Govt. Print. Off.,
Date of publication, distribution, etc. 1947.
300 ## - PHYSICAL DESCRIPTION
Extent vi, 124 p.
Other physical details ill.
410 20 - SERIES STATEMENT/ADDED ENTRY--CORPORATE NAME [OBSOLETE, CAN/MARC], [LOCAL, USA]
Corporate name or jurisdiction name as entry element National Institute of Health (U.S.)
Title of a work Bulletin,
Volume number/sequential designation no. 188
500 ## - GENERAL NOTE
General note At head of title: Federal Security Agency. United States Public Health Service.
504 ## - BIBLIOGRAPHY, ETC. NOTE
Bibliography, etc. note Bibliography: p. 123-124.

No items available.

Powered by Koha